000 00758nam a2200253Ia 4500
003 OSt
005 20221002044803.0
006 a|||||r|||| 00| 0
007 ta
008 220930b |||||||| |||| 00| 0 eng d
020 _a923101 7462
024 _a25548
037 _cReference Collections
040 _aCRL
_cCRL
_beng
041 _2eng
_aeng
082 _aU25z7'N77, L9(RR)
111 _aPARIS, INTERNATIONAL OCEANOGRAPHIC COMMISSION
_9569670
245 0 _aBrunn memorial lectures presented at the tenth session of the IOC Assembly, Unesco Paris
260 _aParis
_bUNESCO
_c1979
300 _a64p.
_ccm.
650 _aMARINE ECOLOGY
942 _hU25z7'N77, L9(RR)
_cref
_2CC
999 _c911118
_d911118